| 000 | 01276cam a2200217 4500 | ||
|---|---|---|---|
| 001 | ABS66563 | ||
| 008 | 030404n2003 000 0 eng u | ||
| 035 | _a(Sirsi) u121900 | ||
| 100 | 1 | _aIeromonachou, P. | |
| 245 | 0 | 0 |
_aAll charged up _bearly lessons from the Durham congestion charging scheme |
| 260 | _c2003 | ||
| 490 | 0 |
_aTown & Country Planning _v72(2) February 2003, 44-48(5) |
|
| 520 | _aExamines the development and performance to date of the Durham congestion charging scheme and highlights lessons for future road user charging projects. The Durham scheme started on 1 October 2002 with the council charging motorists £2 to exit the city centre between 1000 and 1600. Discusses the background to the scheme and its initial performance, suggesting that the scheme has proved successful. Provides a number of lessons for other congestion schemes and compares Durham's project to the new scheme in London. Also briefly looks at proposed congestion charging schemes in Bristol, Leeds and Edinburgh. Includes websites. | ||
| 590 | _aABS | ||
| 650 | 2 | 4 | _aDURHAM CONGESTION CHARGE ZONE |
| 651 | 4 |
_aUnited Kingdom _y |
|
| 690 | _aPROPERTY-INFRASTRUCTURE-TRANSPORT INFRASTRUCTURE-ROAD INFRASTRUCTURE | ||
| 700 | 1 | _aEnoch, M. | |
| 700 | 1 | _aPotter, S. | |
| 942 | _n0 | ||
| 999 |
_c72447 _d72447 |
||